书目信息 |
| 题名: |
建设工程法规及相关知识
|
|
| 作者: | 邱四豪 , 邱四豪 主编 ;学尔森学院 编 | |
| 分册: | ||
| 出版信息: | 上海 同济大学出版社 2016.06 |
|
| 页数: | 328页 | |
| 开本: | 26cm | |
| 丛书名: | ||
| 单 册: | ||
| 中图分类: | D922.297 , TU-44 | |
| 科图分类: | ||
| 主题词: | 建筑法--jian zhu fa--中国--资格考试--试题 , 建筑学 | |
| 电子资源: | ||
| ISBN: | 978-7-5608-6335-1 | |
| 000 | 01601nam 2200337 450 | |
| 001 | CAL 0120161955659 | |
| 005 | 20171221102822.26 | |
| 010 | @a978-7-5608-6335-1@b@dCNY50.00 | |
| 100 | @a20160728d2016 em y0chiy50 ea | |
| 101 | 0 | @achi |
| 102 | @aCN@b310000 | |
| 105 | @ak q 000yy | |
| 106 | @ar | |
| 200 | 1 | @a建设工程法规及相关知识@Ajian she gong cheng fa gui ji xiang guan zhi shi学尔森学院建造师考试命题研究院编@e2016年全国一级建造师执业资格考试权威押题密卷@f邱四豪主编@Fqiu si hao zhu bian@g邱四豪主编 |
| 210 | @a上海@c同济大学出版社@d2016.06 | |
| 215 | @a328页@c@d26cm | |
| 225 | 2 | @a@A2016 nian quan guo yi ji jian zao shi zhi ye zi ge kao shi quan wei ya ti mi juan |
| 308 | @a封面丛书名题: 2016年全国一级建造师执业资格考试全真题术巧突破权威押题密卷 | |
| 330 | @a本书主要内容包括: 建设工程法规及相关知识模拟测试题A-H共八套, 每套题后附参考答案及解析, 并收录了2012-2015年度全国一级建造师执业资格考试真题。 | |
| 410 | 0 | @12001 @a@A2016 nian quan guo yi ji jian zao shi zhi ye zi ge kao shi quan wei ya ti mi juan |
| 517 | 1 | @a2016年全国一级建造师执业资格考试权威押题密卷@A2016 nian quan guo yi ji jian zao shi zhi ye zi ge kao shi quan wei ya ti mi juan |
| 606 | 0 | @a建筑法@Ajian zhu fa@y中国@x资格考试@j试题 |
| 606 | 0 | @a建筑学 |
| 690 | @aD922.297@v5 | |
| 690 | @aTU-44@v4 | |
| 701 | 0 | @a邱四豪@Aqiu si hao@4主编 |
| 701 | 0 | @a邱四豪@Aqiu si hao@4主编 |
| 712 | 02 | @a学尔森学院@Axue er sen xue yuan@b建造师考试命题研究院@Bjian zao shi kao shi ming ti yan jiu yuan@4编 |
| 801 | 0 | @aCN@b人天书店@c20160728@g |
| 905 | @aBZT@dTU-44@e11 | |
| 906 | @dCNY50.00@n3@r1 | |
| 建设工程法规及相关知识:2016年全国一级建造师执业资格考试权威押题密卷/邱四豪主编/邱四豪主编.-上海:同济大学出版社,2016.06 |
| 328页;26cm |
| ISBN 978-7-5608-6335-1:CNY50.00 |
| 本书主要内容包括: 建设工程法规及相关知识模拟测试题A-H共八套, 每套题后附参考答案及解析, 并收录了2012-2015年度全国一级建造师执业资格考试真题。 |
| ● |
| 相关链接 |
|
|
|
正题名:建设工程法规及相关知识
索取号:TU-44/11
 
预约/预借
| 序号 | 登录号 | 条形码 | 馆藏地/架位号 | 状态 | 备注 |
| 1 | 833775 | 2000833775 | 第二书库/ [索取号:TU-44/11] | 在馆 | |
| 2 | 833776 | 2000833776 | 第二书库/ [索取号:TU-44/11] | 在馆 | |
| 3 | 833777 | 2000833777 | 第二书库/ [索取号:TU-44/11] | 在馆 |